| 000 | 01135cam a2200277 4500 | ||
|---|---|---|---|
| 001 | ABS67876 | ||
| 008 | 040602n2004 000 0 eng u | ||
| 035 | _a(Sirsi) u126395 | ||
| 245 | _aTools for making it better | ||
| 260 | _c2004 | ||
| 490 |
_aEstates Gazette _v(0422) 29 May 2004, 136-137(2) |
||
| 520 | _aComments on the response by RICS to the "Egan review: skills for sustainable communities" (ISBN 1859461425) commissioned by the ODPM in 2003. Highlights the key findings of the Egan skills review. Discusses RICS led educational, training and CPD initiatives in promoting regeneration and built environment skills, including the RICS Advantage West Midlands (AWM) CPD papers. To register for AWM papers contact [email protected]. | ||
| 590 | _aABS | ||
| 590 | _aABS | ||
| 650 | _aRICS | ||
| 650 | _aCPD | ||
| 650 | _aLIFE-LONG LEARNING | ||
| 650 | _aCAREERS, EDUCATION AND TRAINING | ||
| 650 | _aCAREERS, EDUCATION AND TRAINING | ||
| 650 | _aSKILLS | ||
| 650 | _aBUILT ENVIRONMENT | ||
| 650 | _aSUSTAINABLE COMMUNITIES | ||
| 650 | _aSUSTAINABLE DEVELOPMENT | ||
| 690 | _aREGENERATION | ||
| 942 | _n0 | ||
| 999 |
_c117461 _d117461 |
||